Tabu, etykieta, dobre obyczaje

Titel: Tabu, etykieta, dobre obyczaje / pod red. Piotra Kowalskiego
Beteiligt:
Veröffentlicht: Wrocław : Wydawn. Uniwersytetu Wrocławskiego, 2009
Umfang: 350 Seiten ; 24 cm
Format: Buch
Sprache: Polnisch
Schriftenreihe/
mehrbändiges Werk:
Colloquia anthropologica et communicativa ; 1
Acta Universitatis Wratislaviensis ; 3146
Schlagworte:
ISBN: 9788322930175 ; 8322930178
Buchumschlag
X
Lokale Klassifikation: 1 3 M ; 1 15 F ; 32 15 F ; 32 15 J
alg: 23401135
001A    $03004:29-03-11 
001B    $01999:06-03-25 $t14:42:48.000 
001D    $03004:29-03-11 
001U    $0utf8 
001X    $00 
002@    $0Aau 
002C    $aText $btxt $2rdacontent 
002D    $aohne Hilfsmittel zu benutzen $bn $2rdamedia 
002E    $aBand $bnc $2rdacarrier 
003@    $0234011351 
003O    $0458619462 $aOCoLC 
004A    $A978-83-229-3017-5 
004A    $083-229-3017-8 
007A    $0BV035822844 $aBVB 
007G    $0DE020E516265C8073154EC1257917003DFC5F 
007T    $0Herdhh234011351 
009P    $A2 $3Inhaltsverzeichnis $uhttp://bvbr.bib-bvb.de:8991/F?func=service&doc_library=BVB01&doc_number=018681562&line_number=0001&func_code=DB_RECORDS&service_type=MEDIA 
009P    $qapplication/pdf $A2 $3Inhaltsverzeichnis $uhttp://scans.hebis.de/HEBCGI/show.pl?23401135_toc.pdf $mV:DE-603;B:DE-Mb50 
010@    $apol 
011@    $a2009 
013D    $#Beiträge Formschlagwort $#Einzelbeiträge $#Sammelwerk Formschlagwort $74143413-4 $8Aufsatzsammlung [Tsz] $9085562742 
021A    $aTabu, etykieta, dobre obyczaje $hpod red. Piotra Kowalskiego 
028C    $BHerausgeber $#Kowalski, Piotr Władyslaw $4edt $D20220215 $Ecgwrk $71026447240 $8Kowalski, Piotr$Z1952-2011 [Tp3] $9309569982 
033A    $pWrocław $nWydawn. Uniwersytetu Wrocławskiego 
034D    $a350 Seiten 
034I    $a24 cm 
036E    $aColloquia anthropologica et communicativa $l1 
036E/01 $aActa Universitatis Wratislaviensis $l3146 
036F    $x11 $8Colloquia anthropologica et communicativa $9221494227 $l1 
036F/01 $x43146 $8Acta Universitatis Wratislaviensis $9028908538 $l3146 
037A    $aIncludes bibliographical references 
044K    $qBVB $RRegel $RAnstandsliteratur $#Etiquette $#Savoir-vivre $#Relazioni sociali $#Etiqueta $#Anstandsregeln $#Benehmen $#Benimm $#Etikette $#Manieren $#Etiquette $74078514-2 $8Umgangsformen [Ts1] $9085222631 
044K    $qBVB $RRitus $#Rites and ceremonies $#Rites et cérémonies $#Ritual $#Ritus Soziologie $#Rituale $74050164-4 $8Ritual [Ts1] $9085140066 
045F    $a390.094 $eDDC23BSB 
045F/01 $a390 
045F/03 $g4 
045G    $a370.94 $eDDC23BSB 
045G/01 $a370.9 
045G/03 $g4 
045G/03 $g438 
045H    $a070.9 $eDDC23BSB 
045H/01 $a070.9 
045H/03 $g438 
045R    $aGeschichte 

lok: 23401135 24
101B    $007-09-11 $t08:48:35.000 
101C    $007-09-11 
101U    $0utf8 
145Z/01 $a1 3 M 
145Z/02 $a1 15 F 
145Z/03 $a32 15 F 
145Z/04 $a32 15 J 

exp: 23401135 24 1 #EPN
201B/01 $007-09-11 $t08:48:35.000 
201C/01 $029-03-11 
201U/01 $0utf8 
203@/01 $0613317912 
208@/01 $a29-03-11 $bz 
209A/01 $a11.01911 $du $f050 $h11 01911 $x00 
209C/01 $a11.01911 T $h11 01911 T 
209G/01 $a72078993 $x00 
220C/01 $ajwa/han 
247C/01 $8358050-7 Marburg, Bibliothek des Herder-Instituts Marburg $9102600961 

lok: 23401135 25

exp: 23401135 25 1 #EPN
201B/01 $003-12-25 $t15:17:31.000 
201C/01 $013-06-12 
201U/01 $0utf8 
203@/01 $0644429453 
208@/01 $a13-06-12 $bzik 
209A/01 $aP Lwi 413/20 $dd $f076 $x00 
209C/01 $a3081/12 
209G/01 $a77506130 $x00 
209G/01 $aPolonicum $x01 
247C/01 $8651076-0 <77/076>Mainz, Universität Mainz, Bereichsbibliothek Philosophicum, Standort Polonicum $9102600252 

lok: 23401135 78

exp: 23401135 78 1 #EPN
201B/01 $019-04-17 $t21:57:08.000 
201U/01 $0utf8 
203@/01 $0793641896 
208@/01 $a12-11-16 $be 
209A/01 $a/ $f000 $x00 
237A/01 $aweiterführende Signatur(en): Herder-Institut: 11.01911 
244Z/01 $aRitual $x01 
244Z/01 $2Trx $#dzieło zbiorowe $8--Trx--Sammelwerk $x02 $9391384597 
247C/01 $82080>Marburg/Lahn, Herder-Institut, Forschungsbibliothek, Bibliographieportal $9336309341
LEADER 00000cam a2200000 c 4500
001 234011351
003 DE-603
005 20250306144248.0
007 tu
008 110329s2009 xx |||| | u00||u|pol c
020 |a 9788322930175 
020 |a 8322930178 
035 |a (DE-599)BVBBV035822844 
035 |a (OCoLC)458619462 
040 |a DE-603  |b ger  |c DE-603  |d DE-603 
041 |a pol 
082 0 4 |8 1\u  |a 390.094  |q DE-101  |2 23/BSB 
083 0 |8 2\u  |a 370.94  |q DE-101  |2 23/BSB 
083 0 |8 3\u  |a 070.9  |q DE-101  |2 23/BSB 
085 |8 1\u  |b 390 
085 |8 1\u  |z 2  |s 4 
085 |8 2\u  |b 370.9 
085 |8 2\u  |z 2  |s 4 
085 |8 2\u  |z 2  |s 438 
085 |8 3\u  |b 070.9 
085 |8 3\u  |z 2  |s 438 
245 0 0 |a Tabu, etykieta, dobre obyczaje  |c pod red. Piotra Kowalskiego 
264 1 |a Wrocław  |b Wydawn. Uniwersytetu Wrocławskiego  |c 2009 
300 |a 350 Seiten  |c 24 cm 
336 |a Text  |b txt  |2 rdacontent 
337 |a ohne Hilfsmittel zu benutzen  |b n  |2 rdamedia 
338 |a Band  |b nc  |2 rdacarrier 
490 1 |a Colloquia anthropologica et communicativa  |v 1 
490 1 |a Acta Universitatis Wratislaviensis  |v 3146 
500 |a Includes bibliographical references 
648 7 |a Geschichte  |2 gnd 
650 7 |a Umgangsformen  |0 (DE-588)4078514-2  |0 (DE-603)085222631  |2 gnd 
650 7 |a Ritual  |0 (DE-588)4050164-4  |0 (DE-603)085140066  |2 gnd 
655 7 |a Aufsatzsammlung  |2 gnd-content  |0 (DE-588)4143413-4  |0 (DE-603)085562742 
700 1 |a Kowalski, Piotr  |d 1952-2011  |e Herausgeber  |4 edt  |0 (DE-603)309569982  |0 (DE-588)1026447240  |2 gnd 
810 2 2 |a Uniwersytet Wrocławski  |t Acta Universitatis Wratislaviensis  |v 3146  |w (DE-603)028908538  |w (DE-600)1179289-9  |9 43146  |7 as 
830 0 |t Colloquia anthropologica et communicativa  |v 1  |w (DE-603)221494227  |w (DE-600)2543462-7  |9 11  |7 as 
856 4 2 |u http://bvbr.bib-bvb.de:8991/F?func=service&doc_library=BVB01&doc_number=018681562&line_number=0001&func_code=DB_RECORDS&service_type=MEDIA  |3 Inhaltsverzeichnis 
856 4 2 |m V:DE-603;B:DE-Mb50  |q application/pdf  |u http://scans.hebis.de/HEBCGI/show.pl?23401135_toc.pdf  |3 Inhaltsverzeichnis 
924 0 |9 Mb 50  |a (DE-603)613317912  |b DE-Mb50  |c HES  |d c  |g 11.01911 
924 0 |9 77/076  |a (DE-603)644429453  |b DE-77-076  |c HES  |d d  |g P Lwi 413/20 
924 0 |9 2080  |a (DE-603)793641896  |b DE-2080  |c HES  |d d  |g /